|
|
|
|
| LEADER |
01072nam a2200289 a 4500 |
| 001 |
4852485 |
| 008 |
091112s1992 ii b 000 0 eng d |
| 010 |
|
|
|a 91031322
|
| 020 |
|
|
|a 8170362555(Ind-hb)
|
| 020 |
|
|
|a 8170362563(Ind-pb)
|
| 020 |
|
|
|a 080399401X (US-hb)
|
| 020 |
|
|
|a 0803994028 (US-pp)
|
| 040 |
|
|
|a DLC
|c DLC
|d DLC
|
| 082 |
0 |
0 |
|a 338.0954
|2 20
|
| 245 |
0 |
0 |
|a Class, state, and development in India /
|c edited by Berch Berberoglu.
|
| 260 |
|
|
|a New Delhi ;
|a Newbury Park :
|b Sage Publications,
|c 1992.
|
| 300 |
|
|
|a 329 p. ;
|c 24 cm.
|
| 504 |
|
|
|a Includes bibliographical references.
|
| 541 |
1 |
|
|e 00007211
|
| 651 |
|
0 |
|a India
|x Economic conditions.
|
| 650 |
|
0 |
|a Industries
|z India.
|
| 650 |
|
0 |
|a Capitalism
|z India.
|
| 650 |
|
0 |
|a Labor movement
|z India.
|
| 700 |
1 |
|
|a Berberoglu, Berch.
|
| 852 |
4 |
|
|a Ayesha Abed Library
|j General Shelf
|
| 999 |
|
|
|c 6159
|d 6159
|
| 952 |
|
|
|0 0
|1 0
|2 ddc
|4 0
|6 338_095400000000000_CLA_1992
|7 0
|9 6162
|a BRACUL
|b BRACUL
|c GEN
|d 2009-12-15
|g 0.00
|l 0
|o 338.0954 CLA
|p 3010007211
|r 2009-12-15
|t 1
|w 2009-12-15
|y BK
|x No price found in the accession register.
|